El viajero del siglo / (Registro nro. 10507)

Detalles MARC
000 -LIDER
fixed length control field 00964nam a22003497b 4500
001 - NÚMERO DE CONTROL
Identificador de número de control 002126
003 - IDENTIFICACDOR DE NÚMERO DE CONTROL
control field DO-SdBNP
005 - DATE AND TIME OF LATEST TRANSACTION
control field 20180205144546.0
007 - CAMPOS FIJOS DE DESCRIPCIÓN FÍSICA
fixed length control field 002126
008 - ELEMENTOS DE LONGITUD FIJA
fixed length control field 060904s2010 sp | ||| ||spa
016 7# - NO. DE CONTROL DE LA AGENCIA BIB. NACIONAL
Record control number
Source BPMSU
017 ## - NÚMERO DE REGISTRO DE DERECHOS DE AUTOR
Copyright or legal deposit number
Assigning agency
020 ## - ISBN
International Standard Book Number 9788466324144
035 ## - NÚMERO LOCAL
System control number
040 ## - FUENTE DE CATALOGACIÓN
Agencia que crea de manera original el registro BPMSU
Idioma de catalogación spa
Agencia que realiza la transcripción BPMSU
Convenciones de la despripción
080 #0 - NÚMERO DE CLASIFICACIÓN DECIMAL UNIVERSAL
Universal Decimal Classification number
082 ## - NÚMERO DE CLASIFICACIÓN DECIMAL DE DEWEY
Edition number
Classification number A863.6
Item number N489v
100 ## - ASIENTO PRINCIPAL -- NOMBRE PERSONAL
Nombre personal Neuman, Andrés,
Fechas asociadas con el nombre 1977-
245 00 - MENCIÓN DE TITULO
Título El viajero del siglo /
Medio (Designación general de material)
Mención de responsabilidad Andrés Neuman
260 ## - PUBLICACIÓN, DISTRIBUCIÓN, ETC. (PIE DE IMPRENTA)
Lugar de publicación, distribución, etc Madrid :
Nombre del editor, distribuidor, etc. Alfaguara,
Fecha de publicación, distribución, etc 2010
300 ## - DESCRIPCIÓN FÍSICA
Extensión 586 p. :
Dimensiones 21 cm
490 1# - MENCIÓN DE SERIES
Mención de serie Punto de lectura
Volume/sequential designation 406/1
586 ## - AWARDS NOTE
Awards note Premio Alfaguara de Novela 2009.
586 ## - AWARDS NOTE
Awards note Premio nacional de la crítica 2010
650 ## - ENCABEZAMIENTO DE MATERIA--TEMÁTICO
Término temático o nombre geográfico como elemento de entrada NOVELA ARGENTINA
650 ## - ENCABEZAMIENTO DE MATERIA--TEMÁTICO
Término temático o nombre geográfico como elemento de entrada VIAJES
Subdivisión de forma NOVELA
700 1# - ASIENTO SECUNDARIO -- NOMBRE PERSONAL
Nombre personal Ansolabehere, Pablo
830 #0 - ASIENTO SECUNDARIO DE SERIE--TÍTULO UNIFORME
Título uniforme Punto de lectura
Volume number/sequential designation 406/1
942 ## - ADDED ENTRY ELEMENTS (KOHA)
Source of classification or shelving scheme Dewey Decimal Classification
Koha item type Libros
945 ## - INFORMACIÓN DE PROCESAMIENTO LOCAL
Información de procesamiento local Inventariado, 2018 / BT
956 ## - LOCAL ELECTRONIC LOCATION AND ACCESS (OCLC)
Nombre de host VMATEO
Número de acceso 10
Información de compresión 20160622
Trayectoria BPMSU
Nombre Electrónico 0069
Existencias
Withdrawn status Lost status Source of classification or shelving scheme Damaged status Not for loan Collection code Home library Current library Date acquired Source of acquisition Total Checkouts Full call number Barcode Date last seen Price effective from Koha item type Copy number
    Dewey Decimal Classification     Colección General Biblioteca Pública Metropolitana Salomé Ureña Biblioteca Pública Metropolitana Salomé Ureña 06/22/2016 ALFAGUARA   A863.6 N489v BPMSU18020076 06/22/2016 06/22/2016 Libros  
    Dewey Decimal Classification     Colección General Biblioteca Pública Metropolitana Salomé Ureña Biblioteca Pública Metropolitana Salomé Ureña 06/22/2016 ALFAGUARA   A863.6 N489v BPMSU18020077 06/22/2016 06/22/2016 Libros e. 2
    Dewey Decimal Classification     Colección General Biblioteca Pública Metropolitana Salomé Ureña Biblioteca Pública Metropolitana Salomé Ureña 06/22/2016 ALFAGUARA   A863.6 N489v BPMSU16060377 06/22/2016 06/22/2016 Libros e. 3